000 00663ntm a22002537a 4500
005 20260422183143.0
008 201204b2019 xxu||||| |||| 00| 0 spa d
020 _a9788413241463
041 _aESP
082 _a005.8 M967d
100 _aMuñoz, Jesús Jimeno
_959353
245 _aDerecho de daños tecnológicos: ciberseguridad e insurtech
260 _aEspaña
260 _bDykinson
260 _c2019
300 _a311 páginas
490 _aInvestigación Criminal
650 _aCIBERSEGURIDAD
650 _aDAÑOS TECNOLÓGICOS
650 _aCIBERRIESGOS
650 _aCIBERSEGUROS
650 _aRESPONSABILIDAD CIVIL
942 _cBK
_2ddc
999 _c12835
_d12835